000 00327nam a2200133 i 4500
001 bg
100 1 _aOLSZEWSKI, Henryk
245 0 _aHistoria doktryn politycznych i prawnych /
_cHenryk Olszewski.
260 _aWarszawa,
_c1982.
040 _cBPK
041 _apol
942 _cKS
008 s pl f |000 0 pol
999 _c20705
_d20705
856 _uhttp://koha.tu.koszalin.pl/cgi-bin/koha/opac-detail.pl?biblionumber=20705
_yKatalog online BPK